<?xml version="1.0" encoding="UTF-8"?>
<marc:record xmlns:marc="http://www.loc.gov/MARC21/slim">
   <marc:leader>00000nam a2200000 a 4500</marc:leader>
   <marc:datafield ind1="1" ind2=" " tag="100">
      <marc:subfield code="a">Saatmann, Timon</marc:subfield>
      <marc:subfield code="4">aut</marc:subfield>
      <marc:subfield code="e">Verfasser/-in</marc:subfield>
   </marc:datafield>
   <marc:datafield ind1=" " ind2=" " tag="653">
      <marc:subfield code="a">Rio</marc:subfield>
   </marc:datafield>
   <marc:datafield ind1=" " ind2=" " tag="653">
      <marc:subfield code="a">Olympiade</marc:subfield>
   </marc:datafield>
   <marc:datafield ind1=" " ind2=" " tag="653">
      <marc:subfield code="a">Spiele</marc:subfield>
   </marc:datafield>
   <marc:datafield ind1=" " ind2=" " tag="653">
      <marc:subfield code="a">Leichtathletik</marc:subfield>
   </marc:datafield>
   <marc:datafield ind1=" " ind2=" " tag="653">
      <marc:subfield code="a">Sport</marc:subfield>
   </marc:datafield>
   <marc:datafield ind1=" " ind2=" " tag="653">
      <marc:subfield code="a">Brasilien</marc:subfield>
   </marc:datafield>
   <marc:datafield ind1=" " ind2=" " tag="653">
      <marc:subfield code="a">Feuer</marc:subfield>
   </marc:datafield>
   <marc:datafield ind1=" " ind2=" " tag="653">
      <marc:subfield code="a">Nachschlagewerke/Listenbücher</marc:subfield>
   </marc:datafield>
   <marc:datafield ind1="0" ind2="0" tag="245">
      <marc:subfield code="a">Olympia für die Hosentasche</marc:subfield>
   </marc:datafield>
   <marc:datafield ind1="0" ind2="0" tag="245">
      <marc:subfield code="c">Timon Saatmann</marc:subfield>
   </marc:datafield>
   <marc:datafield ind1=" " ind2="1" tag="264">
      <marc:subfield code="a">Frankfurt am Main</marc:subfield>
      <marc:subfield code="b">Fischer Taschenbuch</marc:subfield>
   </marc:datafield>
   <marc:datafield ind1="1" ind2=" " tag="490">
      <marc:subfield code="a">Fischer TaschenBibliothek</marc:subfield>
   </marc:datafield>
   <marc:datafield ind1=" " ind2=" " tag="250">
      <marc:subfield code="a">1. Auflage</marc:subfield>
   </marc:datafield>
   <marc:datafield ind1="1" ind2=" " tag="520">
      <marc:subfield code="a">Angaben aus der Verlagsmeldung

Olympia für die Hosentasche : (Fischer TaschenBibliothek) / von Timon Saatmann

Das kleinste Buch über das größte Sportereignis! Zu den Olympischen Spielen 2016 in Rio de Janeiro hat der Sportjournalist Timon Saatmann Kurioses und Wissenswertes über Olympia gesammelt und berichtet in Listen und Statistiken, in Anekdoten und Geschichten von Gold, Silber und Bronze und allem, was dazwischen passiert: Vom olympischen Feuer und den kuriosesten Sportarten bis zu vergessenen Olympiahelden und den schlechtesten Dopingausreden. Alles über die Sportarten aus Sommerspielen und Winterspielen – Schwimmen, Hochsprung, Weitsprung, Kugelstoßen, Diskuswerfen, Gewichtheben, Fechten, Basketball, Ringen, moderner Fünfkampf, Marathon, Turmspringen, Volleyball, Skispringen, Langlauf, Snowboarden, Eiskunstlauf, Eisschnelllauf, Rodeln – und die besten Sportler und Olympia-Teilnehmer mit dem größten Promifaktor. Von Robert Harting, Julius Brink, Jonas Reckermann, Lena Schönenborn, Maria Höfl-Riesch, Katja Seizinger und vielen mehr. Und natürlich darf auch die olympische Karriere von Bud Spencer nicht fehlen.

Dabeihaben ist alles, Brasilien kann kommen!

'Die besondere Faszination der Spiele und eine Menge Wissenswertes rund um Olympia - dieses Buch hat beides, und dafür verdient es die Goldmedaille.'

Beachvolleyballspieler Jonas Reckermann, Olympiasieger 2012 in London
</marc:subfield>
   </marc:datafield>
   <marc:datafield ind1=" " ind2=" " tag="020">
      <marc:subfield code="a">9783596520756</marc:subfield>
      <marc:subfield code="9">9783596520756</marc:subfield>
   </marc:datafield>
   <marc:datafield ind1=" " ind2=" " tag="020">
      <marc:subfield code="a">3596520754</marc:subfield>
      <marc:subfield code="9">3596520754</marc:subfield>
   </marc:datafield>
   <marc:datafield ind1=" " ind2=" " tag="041">
      <marc:subfield code="a">ger</marc:subfield>
   </marc:datafield>
   <marc:datafield ind1=" " ind2=" " tag="300">
      <marc:subfield code="a">277 Seiten</marc:subfield>
   </marc:datafield>
</marc:record>
